[Event "RUS-ch rapid"]
[Site "St Petersburg"]
[Date "2015.05.14"]
[Round "10"]
[White "Maletin, Pavel"]
[Black "Popov, Ivan1"]
[Result "1-0"]
[WhiteElo "2587"]
[BlackElo "2648"]
[PlyCount "39"]
[EventDate "2015.05.13"]
[EventType "swiss (rapid)"]
[EventRounds "11"]
[EventCountry "RUS"]
[SourceTitle "CBM 166 Extra"]
[Source "ChessBase"]
[SourceDate "2015.06.18"]
[SourceVersion "1"]
[SourceVersionDate "2015.06.18"]
[SourceQuality "1"]

1. Nf3 Nf6 2. g3 b5 3. Na3 b4 4. Nc4 e6 5. Bg2 d5 6. Nce5 Nfd7 7. d4 c5 $146 ({RR} 7... Be7 8. O-O O-O 9. a3 bxa3 10. b3 c5 11. Bxa3 Qc7 12. Nd3 Bb7 13. Qd2 Re8 14. Nxc5 Nxc5 15. Bxc5 Bxc5 16. dxc5 Qxc5 17. Ne5 Qc7 18. Nd3 Nd7 19. Rfc1 Rec8 20. c4 dxc4 21. Rxc4 Qb8 22. Rxc8+ {Valderrama Quiceno,E (2423)-Gaprindashvili,V (2368) Sitges 2019 ½-½}) 8. e4 Bb7 9. Nxf7 Kxf7 10. Ng5+ Ke8 11. Nxe6 Qf6 12. Nc7+ Kf7 13. e5 Qc6 14. Qf3+ Kg8 15. Bh3 h6 16. Be6+ Kh7 17. Bxd5 Qxc7 18. Bxb7 cxd4 19. Be4+ Kg8 20. Qb3+ 1-0

[Event "RUS-ch blitz"]
[Site "St Petersburg"]
[Date "2015.05.15"]
[Round "8"]
[White "Bocharov, Dmitry"]
[Black "Inarkiev, Ernesto"]
[Result "1-0"]
[WhiteElo "2577"]
[BlackElo "2664"]
[PlyCount "111"]
[EventDate "2015.05.15"]
[EventType "swiss (blitz)"]
[EventRounds "11"]
[EventCountry "RUS"]
[SourceTitle "CBM 166 Extra"]
[Source "ChessBase"]
[SourceDate "2015.06.18"]
[SourceVersion "1"]
[SourceVersionDate "2015.06.18"]
[SourceQuality "1"]

1. Nf3 d5 2. g3 g6 3. c4 dxc4 4. Qa4+ Nc6 5. Qxc4 e5 6. d3 Bg7 7. Bg2 Nge7 8. O-O O-O 9. a3 ({RR} 9. Nc3 h6 10. Qa4 Bd7 11. Qa3 Nf5 12. Bd2 Re8 13. Rac1 b6 14. Rfe1 a5 15. b3 Rc8 16. Qb2 Ncd4 17. Nxd4 exd4 18. Ne4 c5 19. a3 Qe7 20. b4 axb4 21. axb4 c4 22. Rxc4 Rxc4 23. dxc4 Bc6 {Nakamura,H (2793)-Caruana,F (2787) Saint Louis 2015 ½-½ (152)}) ({RR} 9. Nc3 h6 10. Bd2 Be6 11. Qa4 Nf5 12. Rfc1 Rb8 13. Kf1 a6 14. Ne4 Ncd4 15. Nxd4 Nxd4 16. Be3 Nf5 17. Nc5 Nxe3+ 18. fxe3 Bd5 19. Bxd5 Qxd5 20. Qe4 Rfd8 21. Qxd5 Rxd5 22. e4 Rdd8 23. b4 Bf8 {Malakhov,V (2694)-Inarkiev,E (2660) Moscow 2015 1-0 (41)}) 9... h6 10. Qc2 Be6 11. Nc3 Qd7 $146 ({RR} 11... a5 12. Be3 Qd7 13. Ne4 b6 14. Bxh6 Bd5 15. Bxg7 Kxg7 16. Rac1 Ra7 17. Nc3 Bxf3 18. exf3 Nd4 19. Qd1 c5 20. Re1 Nec6 21. Ne2 Qf5 22. f4 Rd8 23. Nxd4 Nxd4 24. Rxe5 Qf6 25. Qe1 Rad7 26. b4 {Uritsky,Y (2321)-To,N (2321) chess.com INT 2024 1-0 (57)}) ({RR} 11... a5 12. Be3 Qd7 13. Ne4 b6 14. Bxh6 Bd5 15. Bxg7 Kxg7 16. Rac1 Ra7 17. Nc3 Bxf3 18. exf3 Nd4 19. Qd1 c5 20. Re1 Nec6 21. Ne2 Qf5 22. f4 Rd8 23. Nxd4 Nxd4 24. Rxe5 Qf6 25. Qe1 Rad7 26. b4 {Uritsky,Y (2321)-To,N (2321) chess.com INT 2024 1-0 (57)}) 12. Ne4 b6 13. Bxh6 f5 14. Bxg7 Kxg7 15. Neg5 Bg8 16. Rac1 Rac8 17. Rfd1 Qd6 18. h4 Rfd8 19. b4 Rd7 20. Qb2 Nd4 21. e3 Nxf3+ 22. Nxf3 Kf6 23. d4 e4 24. d5+ Kf7 25. Ne5+ Kf8 26. Nxd7+ Qxd7 27. d6 cxd6 28. Qf6+ Ke8 29. Rxc8+ Qxc8 30. Qxd6 Bb3 31. Rd2 Kf7 32. Kh2 Qc1 33. Qd4 Bc4 34. g4 Bd3 35. Rxd3 exd3 36. Qxd3 fxg4 37. Be4 Qc7+ 38. Kg2 Kg7 39. Qd4+ Kf7 40. Bd5+ Ke8 41. Be4 Kf7 42. b5 Qc8 43. Bd5+ Nxd5 44. Qxd5+ Kg7 45. a4 Kh7 46. e4 Qf8 47. Qd7+ Kh6 48. Qxg4 Qa3 49. Qg5+ Kh7 50. h5 gxh5 51. Qxh5+ Kg7 52. Qg5+ Kf7 53. Qd5+ Kg6 54. Qf5+ Kh6 55. Qf4+ Kh5 56. Qh2+ 1-0

[Event "NED-ch qual"]
[Site "Amsterdam"]
[Date "2015.05.16"]
[Round "2"]
[White "Reinderman, Dimitri"]
[Black "Nijboer, Friso"]
[Result "1-0"]
[WhiteElo "2584"]
[BlackElo "2566"]
[PlyCount "46"]
[EventDate "2015.05.16"]
[EventType "tourn (rapid)"]
[EventRounds "6"]
[EventCountry "NED"]
[EventCategory "13"]
[SourceTitle "CBM 166 Extra"]
[Source "ChessBase"]
[SourceDate "2015.06.18"]
[SourceVersion "1"]
[SourceVersionDate "2015.06.18"]
[SourceQuality "1"]

1. Nf3 {Schroeder,Jan Christian} e6 2. g3 c5 3. Bg2 Nc6 4. c4 ({RR} 4. O-O g5 5. d4 g4 6. Ne5 Nxd4 7. e3 Nc6 8. Nxc6 bxc6 9. Qxg4 h5 10. Qa4 h4 11. Nc3 a5 12. e4 Rb8 13. a3 Bg7 14. Bf4 Rxb2 15. e5 Ne7 16. Ne4 Ng6 17. Nd6+ Kf8 18. Be3 Bxe5 {Senthilkumar,P (1912)-Mayank,C (2425) chess.com INT 2024 0-1 (43)}) 4... g5 5. h3 $146 ({RR} 5. d3 h6 6. Nc3 Bg7 7. h4 g4 8. Nd2 d6 9. e3 f5 10. Nb3 Nge7 11. d4 b6 ({RR} 11... O-O 12. dxc5 dxc5 13. Qxd8 Rxd8 14. Nxc5 Ne5 15. Nb5 Kf7 16. O-O Nxc4) 12. O-O ({RR} 12. d5 Bxc3+ 13. bxc3 Ne5 14. e4 fxe4 15. Bxe4 exd5 16. cxd5 Bf5 17. Qe2 Qd7 18. Bf4 Bxe4 19. Qxe4 Nf3+ 20. Kf1 Qf5 21. Qxf5 Nxf5 22. Nd2 Nxd2+ 23. Bxd2 h5 24. Kg2 Kd7 25. Rhe1 Rhe8 26. Bg5 b5) 12... O-O 13. Qe2 e5 ({RR} 13... cxd4 14. exd4 Nxd4 15. Nxd4 Bxd4 16. Bxa8) ({RR} 13... Bb7 14. Rd1 Qb8 ({RR} 14... Qc7 15. Nb5 Qb8 16. e4 ({RR} 16. dxc5 dxc5 17. e4 ({RR} 17. Nd6 Rd8 18. Nxb7 Rxd1+ 19. Qxd1 Qxb7) 17... Ne5 18. Nd6 ({RR} 18. Bf4 N7g6) 18... Bc6 19. Bf4 N7g6 20. Bxe5 ({RR} 20. exf5) 20... Nxe5 21. exf5 Bxg2 22. Kxg2 Rxf5) 16... a6 17. Nxd6 ({RR} 17. dxc5 axb5 18. cxb5 Ne5 19. Rxd6 fxe4) ({RR} 17. exf5 axb5 18. Bxh6 Bxh6 19. Qxe6+ Kg7 20. cxb5 Bc8) 17... Qxd6 18. Bf4 Qd7 19. dxc5 Qc8 20. Bd6) 15. d5 ({RR} 15. Nb5 a6) 15... Ne5) 14. Rd1 cxd4 15. Nd5 ({RR} 15. exd4 f4 ({RR} 15... e4) 16. Be4 ({RR} 16. Bxc6 Nxc6 17. Qe4 fxg3 18. fxg3 ({RR} 18. Qxc6 gxf2+ 19. Kf1 g3) 18... Rf3 19. Kg2 ({RR} 19. Qxc6 Rxg3+ 20. Kf1 Qxh4) 19... Qe8) 16... Bf5 ({RR} 16... fxg3 17. fxg3) 17. dxe5 ({RR} 17. d5 f3 18. Qd3 Nb4 19. Qb1 a5 ({RR} 19... Na6)) 17... fxg3 18. fxg3 Bxe4 ({RR} 18... Nxe5 19. Bxa8 Qxa8 20. Nd4) 19. Rxd6 ({RR} 19. Qxe4 Nxe5 20. Bf4 Qe8) ({RR} 19. Nxe4 Nxe5 20. Nxd6 N7g6) 19... Bf3 ({RR} 19... Qc7 20. Nxe4 Nxe5 21. Nd4 Nf3+ 22. Nxf3 gxf3 23. Qd3 Nf5 24. Qd5+ Qf7 25. Nf6+ Bxf6 26. Rxf6 Qxd5 27. Rxf8+ Rxf8 28. cxd5 Nxg3 29. Be3) 20. Rxd8 Bxe2 21. Rxa8 Rxa8 22. Nxe2 Nxe5) 15... d3 ({RR} 15... e4 16. Nxd4 Nxd4 17. Nxe7+ Qxe7 18. exd4 Ba6 19. b3 d5 20. Be3 Rac8 21. Rac1 Rfd8 ({RR} 21... Qe6 22. Bf1) 22. Bf1) ({RR} 15... Ba6 16. Nxe7+ ({RR} 16. exd4 e4 17. Nf4 d5) 16... Nxe7 17. Bxa8 ({RR} 17. exd4 e4) 17... Qxa8 18. exd4 Qc6 19. d5 ({RR} 19. dxe5 Bb7) 19... Qa4 ({RR} 19... Qc7 20. Be3 f4 21. gxf4 exf4) ({RR} 19... Qxc4 20. Qxc4 Bxc4 21. Be3 Be2 22. Rd2 Bf3)) 16. Qxd3 e4 17. Nxe7+ Nxe7 18. Qc2 ({RR} 18. Qxd6 Qxd6 19. Rxd6 Be5 20. Rd1 ({RR} 20. Rd2) 20... Be6 21. Nd4 ({RR} 21. Bf1 Rac8) 21... Bxc4 22. b3 Ba6 ({RR} 22... Bd3) 23. Ba3 Kf7) 18... Ba6 ({RR} 18... Nc6 19. Bd2 ({RR} 19. Nd4 Ne5 20. Bd2) 19... Qe7 20. Bc3 Ne5 21. Nd4 Be6) 19. Nd4 Qd7 {Eljanov,P (2755)-Rapport,R (2702) Wijk aan Zee 2017 CBM 177 [Schroeder,Jan Christian] 1-0 (41)}) ({RR} 5. Nc3 Bg7 6. e3 h6 ({RR} 6... g4 7. Nh4) ({RR} 6... d6 7. d4) 7. d4 d6 ({RR} 7... g4 8. Nh4 cxd4 9. exd4 Nxd4 10. Be3) 8. O-O Nge7 ({RR} 8... Nf6 9. b3) 9. dxc5 dxc5 10. Qe2 ({RR} 10. Qxd8+ Kxd8 ({RR} 10... Nxd8 11. Ne4) 11. Rd1+)) 5... Bg7 6. d4 cxd4 7. Nxg5 Nge7 8. O-O d5 9. Na3 O-O 10. Qc2 f5 11. Rd1 h6 12. Nf3 Kh7 13. Kh2 e5 14. cxd5 Nxd5 15. e4 dxe3 16. Rxd5 Nb4 17. Rxd8 Nxc2 18. Rxf8 Nxa1 19. Re8 e4 20. Nh4 e2 21. Bd2 b5 22. Nxf5 Bxf5 23. Rxa8 Bxb2 1-0

[Event "Iasi op"]
[Site "Iasi"]
[Date "2015.06.03"]
[Round "6"]
[White "Gupta, Abhijeet"]
[Black "Can, Emre"]
[Result "1-0"]
[WhiteElo "2603"]
[BlackElo "2548"]
[PlyCount "91"]
[EventDate "2015.05.29"]
[EventType "swiss"]
[EventRounds "9"]
[EventCountry "ROU"]
[SourceTitle "EXT 2016"]
[Source "ChessBase"]
[SourceDate "2015.10.08"]
[SourceVersion "1"]
[SourceVersionDate "2015.10.08"]
[SourceQuality "1"]

1. Nf3 d5 2. c4 d4 3. b4 Bg4 4. Ne5 Bf5 5. e3 Qd6 ({RR} 5... f6 6. Qa4+ c6 7. Nf3 e5 8. exd4 exd4 9. c5 d3 10. Bb2 Nh6 11. Na3 b5 12. cxb6 Qxb6 13. Nd4 Bg6 14. Bc3 Be7 15. g3 Be4 16. f3 Bg6 17. Nc4 Qb7 18. Bg2 O-O 19. f4 Nf5 20. Nxf5 {Korobov,A (2683)-Michalik,P (2592) Skalica 2021 1-0 (31)}) ({RR} 5... f6 6. Qf3 Bxb1 7. Qxb7 fxe5 8. Qxa8 Bf5 9. Qxa7 Nf6 10. d3 dxe3 11. Bxe3 e6 12. Qa4+ Nbd7 13. Be2 Be7 14. O-O O-O 15. Qb3 Qa8 16. a4 Rb8 17. b5 e4 18. d4 e5 19. c5+ Kh8 20. c6 {Zhang,D (2186)-Grigoriants,S (2557) chess.com INT 2023 ½-½ (74)}) 6. Nf3 e5 7. c5 Qd5 8. Qb3 $146 ({RR} 8. Bb5+ c6 9. Ba4 Bg4 10. Bb3 Bxf3 11. gxf3 Qd8 12. Na3 Na6 13. Nc4 Nxb4 14. Nxe5 Nh6 15. d3 Bxc5 16. e4 Qe7 17. f4 f6 18. Nf3 Nd5 19. Nh4 O-O-O 20. Kf1 f5 21. exd5 Qxh4 22. h3 Bb4 {Adhiban,B (2630)-Naroditsky,D (2622) Caleta 2015 0-1 (61)}) 8... Qxb3 9. axb3 Nc6 10. Bb5 Bd7 11. O-O f6 12. exd4 Nxb4 13. Bxd7+ Kxd7 14. dxe5 Nd3 15. b4 Nxb4 16. d4 Ne7 17. Bd2 Nbd5 18. Re1 Nc6 19. Nc3 Ncb4 20. Reb1 Kc8 21. Nd1 Nc6 22. Ne3 Nxe3 23. fxe3 fxe5 24. d5 Nb8 25. Rc1 Nd7 26. c6 Nb6 27. e4 Bd6 28. Ng5 bxc6 29. Rxc6 Kd7 30. Nf7 Rhc8 31. Bc3 Re8 32. Nxd6 cxd6 33. Bb4 Nc8 34. Rac1 Re7 35. h4 Rb8 36. h5 Kd8 37. Be1 Reb7 38. Ba5+ Nb6 39. Rxd6+ Ke8 40. h6 gxh6 41. Rxh6 Rf7 42. Re6+ Re7 43. Bb4 Rxe6 44. dxe6 Na8 45. Ba3 Kd8 46. Bd6 1-0

[Event "Nezhmetdinov Memorial rapid 37th"]
[Site "Kazan"]
[Date "2015.05.30"]
[Round "9"]
[White "Bocharov, Dmitry"]
[Black "Shariyazdanov, Andrey"]
[Result "1-0"]
[WhiteElo "2577"]
[BlackElo "2535"]
[PlyCount "35"]
[EventDate "2015.05.29"]
[EventType "swiss (rapid)"]
[EventRounds "9"]
[EventCountry "RUS"]
[SourceTitle "CBM 166 Extra"]
[Source "ChessBase"]
[SourceDate "2015.06.18"]
[SourceVersion "1"]
[SourceVersionDate "2015.06.18"]
[SourceQuality "1"]

1. Nf3 Nf6 2. g3 b6 3. Bg2 Bb7 4. d3 d5 5. O-O g6 6. Nbd2 Bg7 7. e4 dxe4 8. dxe4 ({RR} 8. Ng5 O-O 9. Ngxe4 Qc8 10. Nxf6+ Bxf6 11. Ne4 Bg7 12. Rb1 Nc6 13. Be3 Re8 14. c3 a5 15. d4 Rd8 16. Qb3 a4 17. Qa3 Ra5 18. Nd2 Qa8 19. d5 Ne5 20. Qxe7 Bxd5 21. Bxd5 Raxd5 22. Rfd1 R5d7 {Li,T (1990)-Yankelevich,L (2413) chess.com INT 2024 0-1}) 8... O-O 9. e5 Nfd7 $146 ({RR} 9... Nd5 10. Qe2 c5 11. Rd1 Nc7 12. c3 Nc6 13. Nc4 Qc8 14. a4 Ne6 15. h4 Rd8 16. Rxd8+ Qxd8 17. Ng5 Qd7 18. a5 Rd8 19. Bf4 b5 20. Ne3 Nxg5 21. hxg5 Qd3 22. Qxd3 Rxd3 23. a6 Ba8 24. Nd5 {Mikac,M (2410)-Bandza,A (2355) Aschach 1994 1-0 (37)}) ({RR} 9... Ne8 10. Re1 c5 11. Qe2 Nc6 12. c3 Nc7 13. a4 Qc8 14. Nc4 Rd8 15. h4 Qf5 16. Ng5 Qd3 17. e6 f5 18. Bf4 Rac8 19. Nf7 Qxe2 20. Rxe2 Re8 21. Bxc7 Rxc7 22. Rd1 Ba6 23. b3 Bxc4 24. bxc4 {Szenetra,W (2223)-Selig,R (2018) Freudenstadt 2018 1-0 (38)}) 10. e6 fxe6 11. Ng5 Bxg2 12. Nxe6 Qc8 13. Kxg2 Qb7+ 14. Nf3 Rf5 15. Re1 Rd5 16. Qe2 Ne5 17. Qe4 Qc6 18. Nxc7 1-0

[Event "Mumbai Mayors Cup 8th"]
[Site "Mumbai"]
[Date "2015.06.05"]
[Round "5"]
[White "Rahman, Ziaur"]
[Black "Aleksandrov, Aleksej"]
[Result "1-0"]
[WhiteElo "2500"]
[BlackElo "2607"]
[PlyCount "104"]
[EventDate "2015.06.02"]
[EventType "swiss"]
[EventRounds "10"]
[EventCountry "IND"]
[SourceTitle "CBM 166 Extra"]
[Source "ChessBase"]
[SourceDate "2015.06.18"]
[SourceVersion "1"]
[SourceVersionDate "2015.06.18"]
[SourceQuality "1"]

1. Nf3 Nf6 2. g3 b5 3. Bg2 Bb7 4. Na3 b4 5. Nc4 e6 6. d3 a5 7. O-O Be7 ({RR} 7... d5 8. Nce5 Bd6 9. c4 O-O 10. cxd5 exd5 11. d4 Ne4 12. Bf4 Re8 13. Nd3 Bxf4 14. Nxf4 Nd7 15. Nd3 Nb6 16. a3 bxa3 17. Rxa3 a4 18. Qc2 Ba6 19. Rc1 Nd6 20. e3 Bc8 21. Nc5 Bf5 22. Qd1 {Lenic,L (2659)-Aleksandrov,A (2554) Dubai 2014 1-0 (33)}) 8. e4 O-O 9. Re1 $146 ({RR} 9. e5 Nd5 10. Qe2 d6 11. h4 Nd7 12. Re1 N5b6 13. Bf4 dxe5 14. Nfxe5 Bxg2 15. Kxg2 Nxe5 16. Bxe5 Qd5+ 17. Qe4 Qxe4+ 18. Rxe4 Nd5 19. a4 bxa3 20. Nxa3 Rfb8 21. Nc4 a4 22. h5 f6 23. Bf4 Kf7 {Banusz,T (2641)-Esipenko,A (2720) Struga 2021 ½-½ (66)}) ({RR} 9. e5 Nd5 10. Qe2 d6 11. h4 Nd7 12. Re1 N5b6 13. Bf4 dxe5 14. Nfxe5 Bxg2 15. Kxg2 Nxe5 16. Bxe5 Qd5+ 17. Qe4 Qxe4+ 18. Rxe4 Nd5 19. a4 bxa3 20. Nxa3 Rfb8 21. Nc4 a4 22. h5 f6 23. Bf4 Kf7 {Banusz,T (2641)-Esipenko,A (2720) Struga 2021 ½-½ (66)}) 9... Nc6 10. Ne3 d6 11. c4 Re8 12. h3 Bf8 13. Ng4 e5 14. Nxf6+ Qxf6 15. Be3 a4 16. a3 b3 17. Rc1 h6 18. Bd2 g6 19. Bc3 h5 20. Qd2 Qh8 21. Rcd1 Bh6 22. Qe2 Re7 23. h4 Rae8 24. Qf1 Bc8 25. Nh2 Bg7 26. Bh3 Bxh3 27. Qxh3 Nd8 28. Nf1 Ne6 29. Ne3 c6 30. Kh1 Qh7 31. Rf1 Kh8 32. Rc1 Nc5 33. Rcd1 Ne6 34. Rc1 Nc5 35. Rcd1 Rf8 36. Bb4 Kg8 37. Qg2 Rd8 38. f4 Bh6 39. Qf3 exf4 40. gxf4 Ne6 41. Qg3 Nd4 42. e5 c5 43. Nd5 Re6 44. f5 Nxf5 45. Rxf5 cxb4 46. Nf6+ Rxf6 47. exf6 bxa3 48. bxa3 b2 49. Rb5 Qh8 50. Qf3 Bc1 51. Rg1 Qh6 52. Rxh5 Qe3 1-0

[Event "Titled Tuesday intern op 2nd June"]
[Site "Chess.com INT"]
[Date "2015.06.02"]
[Round "5"]
[White "Vovk, Andrey"]
[Black "Hess, Robert L"]
[Result "1-0"]
[WhiteElo "2620"]
[BlackElo "2571"]
[PlyCount "140"]
[EventDate "2015.06.02"]
[EventType "swiss (blitz)"]
[EventRounds "9"]
[EventCountry "USA"]
[SourceTitle "EXT 2021"]
[Source "ChessBase"]
[SourceDate "2020.10.23"]
[SourceVersion "1"]
[SourceVersionDate "2020.10.23"]
[SourceQuality "1"]

1. g3 g6 2. Bg2 Bg7 3. Nf3 Nf6 4. O-O O-O 5. d3 d5 6. Nbd2 c6 7. e4 Bg4 8. Qe1 ({RR} 8. Qe2 dxe4 9. dxe4 Qc8 10. Nc4 Na6 11. Nce5 Nc5 12. Nxg4 Qxg4 13. e5 Nd5 14. c4 Nb6 15. b3 Rfe8 16. Ba3 Ncd7 17. Rae1 Nf8 18. h3 Qd7 19. Ng5 Ne6 20. h4 Nxg5 21. hxg5 Rad8 22. e6 Qxe6 {Yermolinsky,A (2570)-Sevillano,E (2445) Burbank 2005 1-0 (40)}) 8... Na6 $146 ({RR} 8... Bxf3 9. Nxf3 e6 10. Qe2 Qa5 11. e5 Nfd7 12. h4 h5 13. Bf4 Qb6 14. Rab1 c5 15. c4 d4 16. Bh3 Nc6 17. Kh2 Qc7 18. Rbe1 Rfe8 19. Rg1 Kf8 20. g4 f6 21. gxh5 gxh5 22. Rxg7 Kxg7 23. exf6+ {Schlingensiepen,C (2295)-Fegebank,F (2030) Hamburg 1995 1-0}) ({RR} 8... dxe4 9. dxe4 Bxf3 10. Nxf3 e6 11. Qe2 Qb6 12. c3 Qa6 13. Qc2 Nbd7 14. Bf4 Rfd8 15. Rfe1 Nc5 16. Bf1 Qa4 17. b3 Qa5 18. Ne5 Ncxe4 19. Rxe4 Nxe4 20. Qxe4 g5 21. Bc4 Qxc3 22. Re1 Rd4 23. Qe2 {Oliinyk,S (2035)-Zulpikarov,R (1647) Moscow 2021 0-1 (68)}) ({RR} 8... Nbd7 9. h3 dxe4 10. dxe4 Bxf3 11. Bxf3 e5 12. Nb3 Qe7 13. Be3 b6 14. Rd1 Rfd8 15. Bg2 c5 16. Qe2 Rac8 17. Nd2 Nb8 18. Nc4 Nc6 19. c3 b5 20. Na3 a6 21. Nc2 c4 22. Rxd8+ Rxd8 23. Rd1 {Robbins,F-Decker,D Flint 1993 0-1 (59)}) 9. a3 Nc5 10. h3 Bxf3 11. Bxf3 dxe4 12. dxe4 Ne6 13. Qe3 Nd4 14. Bd1 Qd7 15. Kg2 Rad8 16. c3 Ne6 17. f4 Qd3 18. Qxd3 Rxd3 19. Bc2 Rd7 20. e5 Nd5 21. Ne4 Rfd8 22. a4 h5 23. a5 Bf8 24. Ba4 Ng7 25. g4 hxg4 26. hxg4 Rc7 27. f5 gxf5 28. gxf5 b5 29. axb6 axb6 30. f6 exf6 31. exf6 Ne6 32. Kf3 Bd6 33. Bh6 Ndf4 34. Nxd6 Rxd6 35. Bxf4 Nxf4 36. Kxf4 Rxf6+ 37. Ke3 Re7+ 38. Kd2 Rd6+ 39. Kc2 Re2+ 40. Kb1 Rdd2 41. Ra2 Kg7 42. Bxc6 f5 43. Bf3 Rh2 44. Rd1 Rdf2 45. Bd5 f4 46. b4 Rxa2 47. Bxa2 f3 48. Bd5 f2 49. Rf1 Kf6 50. Kc2 Ke5 51. c4 Kf4 52. Kd2 Kg3 53. Ke2 b5 54. cxb5 Rh5 55. Bc6 Re5+ 56. Kd2 Re6 57. Rc1 Kh2 58. Kd3 Re1 59. Rc2 Kg3 60. Rxf2 Kxf2 61. b6 Rd1+ 62. Kc4 Rd8 63. b7 Ke3 64. Bd7 Rb8 65. Bc8 Ke4 66. b5 Ke5 67. Kc5 Ke4 68. Kc6 Kd4 69. Kc7 Rxb7+ 70. Bxb7 Kc5 1-0

[Event "Voronezh op-A 19th"]
[Site "Voronezh"]
[Date "2015.06.16"]
[Round "5"]
[White "Stukopin, Andrey"]
[Black "Demidov, Mikhail"]
[Result "1-0"]
[WhiteElo "2580"]
[BlackElo "2507"]
[PlyCount "129"]
[EventDate "2015.06.12"]
[EventType "swiss"]
[EventRounds "9"]
[EventCountry "RUS"]
[SourceTitle "CBM 167 Extra"]
[Source "ChessBase"]
[SourceDate "2015.09.14"]
[SourceVersion "1"]
[SourceVersionDate "2015.09.14"]
[SourceQuality "1"]

1. Nf3 {Salov,Valery} d5 2. b3 Bg4 3. Bb2 Nd7 4. e3 c6 ({RR} 4... Ngf6 5. h3 Bh5 6. Be2 e6 7. d3 h6 8. Nbd2 Bg6 9. Ne5 Nxe5 10. Bxe5 Bd6 11. Nf3 O-O 12. O-O Qe7 13. c4 a5) ({RR} 4... e5 5. h3) 5. h3 Bxf3 ({RR} 5... Bh5 6. d3 e6 7. Nbd2 h6 ({RR} 7... Ngf6 8. g4 Bg6 9. Nh4 Be7) 8. g3 Ngf6 9. Bg2 a5 10. a3 Bd6 11. O-O O-O 12. Qe1 ({RR} 12. Qe2) 12... Qb6 ({RR} 12... Re8) 13. e4 Bxf3 ({RR} 13... Bxg3 14. Bd4 c5 15. Bxf6) ({RR} 13... e5 14. Nh4 Rfe8 15. Nf5 ({RR} 15. g4 Bg6 16. Nxg6 ({RR} 16. Nf5) 16... fxg6 17. exd5 ({RR} 17. Qe2 Nc5 18. d4 exd4 ({RR} 18... Ncxe4 19. dxe5 Bxe5 20. Bxe5 Rxe5) 19. Bxd4 dxe4 20. Nxe4 Nfxe4 21. Bxe4 Rxe4 22. Qxe4 Nxe4 23. Bxb6) 17... cxd5 ({RR} 17... Nxd5 18. Nc4 Qc7 19. Be4) 18. c4 Nc5) 15... Bf8) 14. Nxf3 e5 15. Nd2 ({RR} 15. exd5 cxd5 ({RR} 15... Nxd5 16. Nd2) 16. Nxe5 Nxe5 17. Bxe5 Rfe8 18. d4 Nd7 ({RR} 18... Rac8)) 15... Rfe8 16. Rb1 ({RR} 16. Qe2 a4 17. b4 c5 ({RR} 17... dxe4 18. dxe4 c5 19. Nc4 Qb5 20. Rfe1) 18. exd5 cxb4 19. Nc4) 16... Rad8 17. Qe2 Qc7 18. Rbe1 b5 19. Kh2 ({RR} 19. Kh1) ({RR} 19. c3) 19... d4 ({RR} 19... dxe4 20. dxe4 Bc5) ({RR} 19... Nf8 20. exd5 cxd5 21. c4) 20. Ra1 {Salov,V (2710)-Bareev,E (2685) Tilburg 1994 CBM 044 [Salov,Valery] 1-0 (57)} {RR} c5 21. a4) 6. Qxf3 Ngf6 ({RR} 6... e5 7. c4 Ngf6 8. cxd5 cxd5 9. g4 h6 10. Nc3 e4 11. Qg3 Nc5 12. Bb5+ Ncd7 13. Qe5+ Qe7 14. Qc7 Qd6 15. Qxb7 Rb8 16. Qxa7 Be7 17. Ba3 Qe5 18. Bxe7 Kxe7 19. Qd4 Qd6 20. Bxd7 Kxd7 21. O-O {Goldin,R (2323)-Gavrilov,M (2179) chess.com INT 2023 0-1 (96)}) 7. d4 Qa5+ $146 ({RR} 7... e6 8. Bd3 Bd6 9. Nd2 Qa5 10. Qe2 Ba3 11. Bxa3 Qxa3 12. f4 a5 13. O-O O-O 14. c3 Qe7 15. Nf3 Ne4 16. Bxe4 dxe4 17. Ne5 f5 18. Nxd7 Qxd7 19. c4 Rfd8 20. c5 Qd5 21. Rfc1 Ra7 22. Rc4 {Jovanovic,N (2324)-Milosevic,Z (2302) Serbia 2009 1-0 (84)}) 8. c3 e5 9. dxe5 Ne4 10. Qf4 g5 11. Qf5 Bg7 12. Nd2 Nxc3 13. f4 Nc5 14. Bd3 gxf4 15. exf4 Qb4 16. Bc2 Qd4 17. Nf1 Ne6 18. g3 Qc5 19. Rh2 Rd8 20. Qd3 Ne4 21. a3 Qb6 22. f5 N6c5 23. Qe3 O-O 24. b4 Rfe8 25. O-O-O Nd7 26. Bd4 Qa6 27. Bxe4 dxe4 28. f6 Bf8 29. Rhd2 Nxe5 30. Bxe5 Rxd2 31. Qg5+ Kh8 32. Nxd2 Qxa3+ 33. Bb2 Qxb4 34. Nf1 e3 35. Nxe3 h6 36. Qf4 Qxf4 37. gxf4 Rxe3 38. Rd8 Kg8 39. Be5 Rxh3 40. Bd6 Kh7 41. Rxf8 Kg6 42. Be5 h5 43. Rg8+ Kf5 44. Rg5+ Ke6 45. Bb2 Rh1+ 46. Kc2 Rh2+ 47. Kb3 Kd6 48. Re5 c5 49. Re7 b5 50. Be5+ Kd5 51. Rxf7 a5 52. Rd7+ Ke6 53. f7 a4+ 54. Ka3 b4+ 55. Kxa4 Ra2+ 56. Kb5 Ra8 57. Rd6+ Kxf7 58. Kxc5 b3 59. Rf6+ Ke7 60. Rb6 Ra7 61. f5 Ra5+ 62. Kd4 Ra4+ 63. Kd5 Ra5+ 64. Ke4 Ra4+ 65. Bd4 1-0

[Event "Norway Masters blitz 3rd"]
[Site "Stavanger"]
[Date "2015.06.15"]
[Round "1"]
[White "Vachier Lagrave, Maxime"]
[Black "Caruana, Fabiano"]
[Result "1-0"]
[WhiteElo "2723"]
[BlackElo "2805"]
[PlyCount "89"]
[EventDate "2015.06.15"]
[EventType "tourn (blitz)"]
[EventRounds "9"]
[EventCountry "NOR"]
[EventCategory "22"]
[SourceTitle "CBM 166 Extra"]
[Source "ChessBase"]
[SourceDate "2015.06.18"]
[SourceVersion "1"]
[SourceVersionDate "2015.06.18"]
[SourceQuality "1"]

1. g3 d5 2. Nf3 g6 3. Bg2 Bg7 4. O-O e5 5. d3 Ne7 6. e4 O-O 7. exd5 Nxd5 8. Nc3 ({RR} 8. Re1 Nc6 9. Nc3 Nde7 10. Rb1 a5 11. a3 Re8 12. b4 axb4 13. axb4 Nf5 14. Bg5 f6 15. Bd2 Be6 16. b5 Nce7 17. g4 Nd4 18. Nxd4 Qxd4 19. Bxb7 Bxg4 20. Bf3 Bxf3 21. Qxf3 Ra3 22. b6 c6 {Carlsen,M (2832)-Nakamura,H (2786) Chess.com INT 2018 1-0}) ({RR} 8. Re1 Nc6 9. Nc3 Nde7 10. Rb1 a5 11. a3 Re8 12. b4 axb4 13. axb4 Nf5 14. b5 Ncd4 15. Nd2 Ra7 16. Nde4 h6 17. Nd5 Ra5 18. c4 c6 19. bxc6 bxc6 20. Nb6 Qc7 21. Bd2 Ra2 22. Nc3 Ra6 {Nepomniachtchi,I (2729)-Caruana,F (2799) London 2017 ½-½ (31)}) 8... Ne7 ({RR} 8... Nxc3 9. bxc3 Nc6 10. Bg5 f6 11. Be3 f5 12. Qb1 h6 13. Qb3+ Kh7 14. Rae1 Qf6 15. d4 e4 16. Nd2 b6 17. f3 exf3 18. Nxf3 Ba6 19. Rf2 Rad8 20. Bg5 hxg5 21. Re6 g4 22. Rxc6 Rd6 23. Ne5 {Neverov,V (2426)-Liu,Z (2335) Budapest HUN 2025 0-1 (50)}) 9. a4 Nbc6 $146 ({RR} 9... a5 10. Re1 Nbc6 11. Nb5 h6 12. Be3 Re8 13. d4 exd4 14. Nfxd4 Nxd4 15. Bxd4 Bxd4 16. Qxd4 Qxd4 17. Nxd4 c6 18. Nxc6 bxc6 19. Bxc6 Be6 20. Bxe8 Rxe8 21. Re5 Nc6 22. Rc5 Nd4 23. h4 Rb8 24. b3 {Jones,G (2645)-Holm,K (2414) Reykjavik 2016 1-0 (61)}) 10. a5 Rb8 11. Nd2 b6 12. axb6 cxb6 13. Re1 Bb7 14. Nc4 a6 15. Ne4 Nf5 16. c3 h6 17. b3 Qc7 18. Ba3 Rfd8 19. Qe2 b5 20. Ne3 Nxe3 21. fxe3 Ne7 22. Bb4 Bxe4 23. Ba5 Qd7 24. Bxe4 Rdc8 25. c4 bxc4 26. bxc4 h5 27. Bc3 Rb6 28. Reb1 Rcb8 29. Rxb6 Rxb6 30. c5 Rb5 31. Rxa6 Rxc5 32. Bb4 Rc1+ 33. Kg2 Qc7 34. Ra2 Bf6 35. h4 Kg7 36. Qf2 Nf5 37. Bxf5 gxf5 38. Bd2 Qc6+ 39. e4 Rd1 40. Qxf5 Qb5 41. Bh6+ Kxh6 42. Qxf6+ Kh7 43. Qxf7+ Kh6 44. Qf6+ Kh7 45. Ra7+ 1-0